000 01090nam0a22003011 4500
001 v19\rc\1467455
005 20260406085839.0
035 _a(NLR Aleph) 005213558
090 _a5433643
_c5433643
100 _a20060620g18761877|||y0rusy50 ca
101 1 _arus
_ceng
102 _aRU
105 _aa z |||||
200 1 _aНасекомоядные растения
_fСоч. Чарльса Дарвина
_gПер. с англ. под ред. А.Т. Вып. 1, 2-3
210 _aМосква
_cВ.П. Племянников
_d1876-1877
215 _a2 т.
_cил. на отд. л.
_d20
300 _aВып. 2-3 в одном т.
700 1 _7ca
_8rus
_aДарвин
_bЧ. Р.
_f1809-1882
_gЧарлз Роберт
_939292
_3RU\NLR\AUTH\7756360
702 0 _aА.Т.
_4340
790 1 _9z01700
_aДарвин
_bЧ.
_f1809-1882
_gЧарльс
801 0 _aRU
_bNLR
_c20060620
_gpsbo
801 0 _aRU
_bRuMoRGB
_c20060620
_2psbo
801 1 _aRU
_bProSoft-M
_c20060620
_2rusmarc
801 2 _aRU
_bNLR
_c20080331
_2rusmarc
852 _aNLR
_j18.90.7.54
852 _aNLR
_j130/52
942 _cBOOK
980 _aNB